Modern Control Systems / (Record no. 176958)

000 -LEADER
fixed length control field 01190 a2200217 4500
003 - CONTROL NUMBER IDENTIFIER
control field Nust
005 - DATE AND TIME OF LATEST TRANSACTION
control field 20220803105132.0
010 ## - LIBRARY OF CONGRESS CONTROL NUMBER
LC control number 79016320
020 ## - INTERNATIONAL STANDARD BOOK NUMBER
International Standard Book Number 0201012588 :
040 ## - CATALOGING SOURCE
Transcribing agency Nust
082 00 - DEWEY DECIMAL CLASSIFICATION NUMBER
Classification number 621.317,DOR
100 1# - MAIN ENTRY--PERSONAL NAME
Personal name Dorf, Richard C.
245 10 - TITLE STATEMENT
Title Modern Control Systems /
Statement of responsibility, etc. Richard C. Dorf & Robert H. Bishop
250 ## - EDITION STATEMENT
Edition statement 7th ed.
260 ## - PUBLICATION, DISTRIBUTION, ETC.
Place of publication, distribution, etc. Reading, Mass. :
Name of publisher, distributor, etc. Addison-Wesley,
Date of publication, distribution, etc. c1980.
300 ## - PHYSICAL DESCRIPTION
Extent xiv, 807 p. :
Other physical details ill. ;
Dimensions 24 cm.
440 #0 - SERIES STATEMENT/ADDED ENTRY--TITLE
Title Addison-Wesley series in electrical engineering
9 (RLIN) 96383
505 ## - FORMATTED CONTENTS NOTE
Formatted contents note Introduction to control systems (Page-1), Mathematical models of systems (Page-37), State variable models (Page-130), Feedback control system characteristics (Page-191), The performance of feedback control systems (Page-243), The stability of linear feedback systems (Page-311), The root locus method (Page-354), Frequency response methods (Page-432), Stability in the frequency domain (Page-497), The design of feedback control systems (Page-581), The design of state variable feedback systems (Page-659), Robust control systems (Page-723), Digital control systems (Page-787).
Miscellaneous information
Statement of responsibility
650 #0 - SUBJECT ADDED ENTRY--TOPICAL TERM
Topical term or geographic name entry element Telecommunication Engineering.
942 ## - ADDED ENTRY ELEMENTS (KOHA)
Koha item type Reference
Source of classification or shelving scheme
Holdings
Withdrawn status Lost status Source of classification or shelving scheme Damaged status Not for loan Permanent Location Current Location Shelving location Date acquired Full call number Barcode Date last seen Price effective from Koha item type Public note
          Military College of Signals (MCS) Military College of Signals (MCS) Reference 12/12/2016 621.317,DOR MCS27267 12/08/2016 12/12/2016 Reference Almirah No.20, Shelf No.3
© 2023 Central Library, National University of Sciences and Technology. All Rights Reserved.